Taylor Swift 115 - Statistics

General Stats
  • This quiz has been taken 7 times
    5 since last reset
  • The average score is 353 of 413
Answer Stats
Answer % Correct
a
100%
and
100%
any
100%
at
100%
be
100%
been
100%
best
100%
can
100%
did
100%
ever
100%
for
100%
friends
100%
go
100%
had
100%
have
100%
I
100%
if
100%
I'll
100%
I'm
100%
in
100%
is
100%
it
100%
it's
100%
I've
100%
know
100%
like
100%
love
100%
me
100%
my
100%
no
100%
of
100%
on
100%
or
100%
say
100%
so
100%
some
100%
tell
100%
that
100%
the
100%
them
100%
they
100%
this
100%
time
100%
to
100%
was
100%
we
100%
you
100%
your
100%
you're
100%
all
75%
are
75%
babies
75%
back
75%
bad
75%
beat
75%
beautiful
75%
bodies
75%
body
75%
bury
75%
but
75%
came
75%
charges
75%
cheat
75%
cheating
75%
city
75%
crazy
75%
crimes
75%
crush
75%
despicable
75%
Destin
75%
dolls
75%
down
75%
driving
75%
drug
75%
Florida
75%
forget
75%
fuck
75%
get
75%
girls
75%
got
75%
guess
75%
guest
75%
heat
75%
hell
75%
here
75%
home's
75%
hurricane
75%
husband
75%
into
75%
just
75%
lace
75%
lay
75%
least
75%
left
75%
life
75%
little
75%
mind
75%
must
75%
myself
75%
name
75%
need
75%
one
75%
only
75%
out
75%
pay
75%
really
75%
reeks
75%
regrets
75%
rest
75%
rush
75%
shitstorm
75%
sink
75%
smell
75%
song
75%
swamp
75%
take
75%
Texas
75%
their
75%
thing
75%
too
75%
town
75%
true
75%
unforgivable
75%
up
75%
use
75%
wait
75%
weed
75%
well
75%
what
75%
when
75%
with
75%
you'll
75%
arrested
50%
asks
50%
away
50%
barricaded
50%
bathroom
50%
bottle
50%
dared
50%
disappeared
50%
don't
50%
drunk
50%
exist
50%
feeling
50%
fine
50%
ghosts
50%
haunted
50%
pack
50%
questions
50%
time-share
50%
want
50%
wash
50%
wine
50%
work
50%
yes
50%
No matching quizzes found
Score Distribution
Percent of People with Each Score
Percentile by Number Answered
Your Score History
You have not taken this quiz since the last reset